| 000 | 01013cam a2200289 a 4500 | ||
|---|---|---|---|
| 001 | 000019726 | ||
| 005 | 20200929170122.0 | ||
| 008 | 800213s1970 sp b 000 d spa d | ||
| 040 |
_aDO-SdBNP _cDLC _dDLC _dBNPHU |
||
| 082 |
_a864.5 _bT153L, 1970 |
||
| 100 | 1 |
_aTamayo y Baus, Manuel, _d1829-1898. _942184 |
|
| 245 | 1 | 3 |
_aLa locura de amor / _cManuel Tamayo y Baus ; prólogo de Alfonso M. Escudero. |
| 246 | 1 | 1 | _aUn drama nuevo |
| 250 | _a3a ed. | ||
| 260 |
_aMadrid : _bEspasa-Calpe, _c1970. |
||
| 300 |
_a240, [16] p. ; _c18 cm. |
||
| 490 | 1 |
_aAustral. Violeta : Teatro y poesía _v545 |
|
| 500 | _aIncluye índice de autores | ||
| 650 | 4 |
_aTeato español _942185 |
|
| 650 | 4 |
_aLiteratura española _ySIGLO XIX _93067 |
|
| 700 | 1 |
_aEscudero, Alfonso M., _epról. _942186 |
|
| 700 | 1 | 2 |
_aTamayo y Baus, Manuel, _d1829-1898. _tDrama nuevo. 1970. _942187 |
| 740 | 0 | _aUn drama nuevo | |
| 830 | 0 |
_aAustral ; _pVioleta : Teatro y poesía. _v545 _939559 |
|
| 910 | _aCatalogación derivada / LC | ||
| 049 | _aBNGR | ||
| 999 |
_c19240 _d19240 |
||